000 00872cam a22002653a 4500
001 1605
003 PGUSA
005 20140828083003.0
008 990101s1999||||xxu|||||s|||||000 1 eng d
040 _aPGUSA
_beng
042 _adc
050 4 _aPR
100 1 _aStephens, James,
_d1882-1950
245 1 4 _aThe Crock of Gold
_h[electronic resource] /
_cJames Stephens
260 _bProject Gutenberg,
_c1999
505 0 _aThe coming of Pan -- The philosopher's journey -- The two gods -- The philosopher's return -- The policemen -- The thin woman's journey and the Happy march
506 _aPublic domain in the USA.
516 _aElectronic text
653 _aPan (Greek deity) -- Fiction
653 _aFairies -- Fiction
653 _aIreland -- Fiction
830 0 _aProject Gutenberg
_v1605
856 4 0 _uhttp://www.gutenberg.org/ebooks/1605
942 _cEB
999 _c230953
_d230953